000 00693nam a2200241Ia 4500
003 OSt
005 20221005132016.0
006 a|||||r|||| 00| 0
007 ta
008 221004b |||||||| |||| 00| 0 san d
024 _a53936
037 _cTextual
040 _aCRL
_cCRL
_bsan
041 _2san
_asan
082 _aR625x6:1, 15G9.1
100 _aGangesopadhyaya.
_9153711
245 0 _aTattva chintamani
_b Pratyaksa Khandam ed by Suryanarayan Sharma Shukla Pt 1.
260 _c1939
490 _aPrincess of Wales Sarasvati Bhavana texts; 78
650 _aPHILOSOPHY
942 _hR625x6:1, 15G9.1
_cTEXL
_2cc
999 _c1062147
_d1062147